Loading...
| Philosophy | 0 | 11 | 2 | 0 | 100 | 85 | 113.18 | 1 | 2 |
| Geography | 0 | 4 | 0 | 1 | 40 | 117 | 129.00 | 0 | 0 |
| Current Events | 0 | 4 | 1 | 0 | 35 | 59 | 89.75 | 0 | 1 |
| History - European History | 0 | 4 | 2 | 1 | 30 | 108 | 130.25 | 0 | 1 |
| History - Other History | 0 | 3 | 1 | 0 | 25 | 125 | 129.33 | 0 | 0 |
| Fine Arts - Painting & Sculpture | 0 | 2 | 1 | 0 | 15 | 109 | 120.00 | 0 | 0 |
| Religion | 0 | 2 | 1 | 0 | 15 | 106 | 112.50 | 1 | 1 |
| History - American History | 0 | 2 | 1 | 0 | 15 | 77 | 102.50 | 0 | 0 |
| History - World History | 0 | 2 | 2 | 1 | 10 | 141 | 143.00 | 0 | 0 |
| Fine Arts - Other Fine Arts | 0 | 1 | 0 | 0 | 10 | 68 | 68.00 | 0 | 1 |
| Literature - European Literature | 0 | 1 | 0 | 0 | 10 | 150 | 150.00 | 0 | 0 |
| Social Science | 0 | 2 | 3 | 0 | 5 | 88 | 101.00 | 0 | 0 |
| Literature - World Literature | 0 | 0 | 0 | 0 | 0 | 0.00 | 0 | 0 | |
| Literature - American Literature | 0 | 0 | 0 | 0 | 0 | 0.00 | 0 | 0 | |
| Other Academic | 0 | 0 | 1 | 0 | -5 | 0.00 | 0 | 0 | |
| Science - Other Science | 0 | 0 | 1 | 0 | -5 | 0.00 | 0 | 0 |